| 000 | 00801nam a2200277Ia 4500 | ||
|---|---|---|---|
| 005 | 20250425162256.0 | ||
| 008 | 250425s9999 xx 000 0 und d | ||
| 020 | _a8474335132 | ||
| 041 | _aspa | ||
| 043 | _asp | ||
| 082 | _a622.154 | ||
| 100 | _aKALENOV, E. N. | ||
| 245 | 0 | _aINTERPRETACION DE CURVAS DE SONDEOS ELECTRICOS VERTICALES | |
| 250 | _aS.E. | ||
| 260 |
_aEspaña _bMINISTERIO DE OBRAS PUBLICAS Y URBANISMO _c1987 |
||
| 260 | _aMADRID | ||
| 300 | _a429 | ||
| 500 | _aTítulo Traducido: INTERPRETATSIIA KRIVYJ VERTIKAL NOGO ELEKTRICHESKOGO ZONDIROVANIIA | ||
| 650 | _aCORTE ELECTRICO | ||
| 650 | _aCORTE GEOLOGICO | ||
| 650 | _aINTERPRETACION DE CURVAS | ||
| 650 | _aSONDEOS ELECTRICOS | ||
| 700 |
_aJ. GONZALEZ MONTERO _etraductor |
||
| 942 | _c01 | ||
| 010 | _a59439 | ||
| 999 |
_c225897 _d225897 |
||